000 00945nam a22002777a 4500
001 BR2015001759
003 BR-BrBNA
005 20230928104606.0
007 ta
008 230509b bl.||||| |||| 00| 0 por d
040 _aBR-BrBNA
_bpor
_cBiblioteca Nacional de Agricultura
041 _a(Por)
072 _aP40; E14
090 _ P40 BR2015001759
100 1 _aLa rovere, E.L. (ed.)
100 1 _aBustamante, M. (ed.)
110 1 _aPainel Brasileiro de Mudanças Climáticas, Rio de Janeiro, RJ (Brasil)
_97773
245 1 _aMitigação de mudanças climáticas: contribuição do grupo de trabalho 3 ao primeiro relatório de avaliação nacional do painel brasileiro de mudanças climáticas
_bSumário Executivo
260 3 _aRio de Janeiro, RJ (Brasil):
_c2013.
300 _a26 p.
500 _a4 illus
650 _aCLIMA
650 _aDESENVOLVIMENTO SUSTENTÁVEL
909 _a202309
_bLucia
_c55
_dLucia Elande
942 _cBK
999 _c80737
_d80737